Faculty of Law Library — Cairo University

Official Online Catalog

Trusts, cartels et ententes / (Record no. 66483)

MARC details
000 -LEADER
fixed length control field 01487cam a2200421 i 4500
003 - CONTROL NUMBER IDENTIFIER
control field EG-GICUC
005 - DATE AND TIME OF LATEST TRANSACTION
control field 20260321230922.0
008 - FIXED-LENGTH DATA ELEMENTS--GENERAL INFORMATION
fixed length control field 260321s1967 fr fr 000 0 fre
035 ## - SYSTEM CONTROL NUMBER
System control number 7549952
040 ## - CATALOGING SOURCE
Original cataloging agency DLC
Transcribing agency CarP
Modifying agency DLC
Language of cataloging fre
Description conventions Rda
041 ## - LANGUAGE CODE
Language code of text/sound track or separate title fre
082 04 - DEWEY DECIMAL CLASSIFICATION NUMBER
Edition number 21
Classification number 330.026040
Item number CA.T
092 04 - LOCALLY ASSIGNED DEWEY CALL NUMBER (OCLC)
Edition number 21
099 ## - LOCAL FREE-TEXT CALL NUMBER (OCLC)
Classification number Law1 13 330.026040 CA.T 2ed. 1967
100 1# - MAIN ENTRY--PERSONAL NAME
Personal name Carabiber, Charles
Relator term Auteur
245 10 - TITLE STATEMENT
Title Trusts, cartels et ententes /
Remainder of title législation et jurisprudence des principaux pays industriels et de la Communauté économique européenne /
Statement of responsibility, etc. Charles Carabiber.
250 ## - EDITION STATEMENT
Edition statement 2ed.
300 ## - PHYSICAL DESCRIPTION
Extent 297 pages;
Dimensions 23 cm.
Other physical details illustration ;
336 ## - CONTENT TYPE
Content type term text
Content type code txt
Source rdacontent
337 ## - MEDIA TYPE
Media type term unmediated
Media type code n
Source rdamedia
338 ## - CARRIER TYPE
Carrier type term volume
Carrier type code nc
Source rdacarrier
504 ## - BIBLIOGRAPHY, ETC. NOTE
Bibliography, etc. note Bibliography: pages 190-192.
546 ## - LANGUAGE NOTE
Language note Texte en français
650 ## - SUBJECT ADDED ENTRY--TOPICAL TERM
Topical term or geographic name entry element Fonds fiduciaires
Source of heading or term qrmak
650 ## - SUBJECT ADDED ENTRY--TOPICAL TERM
Topical term or geographic name entry element blocs et accords
Source of heading or term qrmak
650 ## - SUBJECT ADDED ENTRY--TOPICAL TERM
Topical term or geographic name entry element Législation économique
Source of heading or term qrmak
650 ## - SUBJECT ADDED ENTRY--TOPICAL TERM
Topical term or geographic name entry element Pays industrialisés
Source of heading or term qrmak
650 ## - SUBJECT ADDED ENTRY--TOPICAL TERM
Topical term or geographic name entry element Communauté économique européenne
Source of heading or term qrmak
651 1# - SUBJECT ADDED ENTRY--GEOGRAPHIC NAME
Source of heading or term qrmak
700 1# - ADDED ENTRY--PERSONAL NAME
Personal name EDGAR FAURE
Relator term Préfacier
856 40 - ELECTRONIC LOCATION AND ACCESS
Uniform Resource Identifier <a href="https://fll.law.cu.edu.eg/fulltext/bks/B13-04609.pdf">https://fll.law.cu.edu.eg/fulltext/bks/B13-04609.pdf</a>
905 ## - Cataloger and Reviser Names
Cataloger Name: Hager Sameh
906 ## - LOCAL DATA ELEMENT F, LDF (RLIN)
a 0
b cbc
c premunv
d u
e ncip
f 19
g y-gencatlg
942 ## - ADDED ENTRY ELEMENTS (KOHA)
Source of classification or shelving scheme Dewey Decimal Classification
Koha item type Books
Edition 21
Suppress in OPAC No
Holdings
Withdrawn status Lost status Source of classification or shelving scheme Damaged status Not for loan Collection Home library Current library Date acquired Total checkouts Full call number Barcode Date last seen Copy number Price effective from Koha item type
    Dewey Decimal Classification     المالية العامة والتشريع الضريبي جــــامعة القــاهرة مكتبة كلية الحقوق - المبنى الرئيسي 22.03.2026   Law1 13 330.026040 CA.T 2ed. 1967 1304609 C1 B13-04609 21.03.2026 1 21.03.2026 Books

© All rights reserved — Faculty of Law, Cairo University

Implemented and Customized by: Eng. M. Mohamady